[Event "IECC KO email"]
[Site "IECC email"]
[Date "2001.06.09"]
[Round "?"]
[White "Wojohn, Gregory A"]
[Black "Mitchell, TT."]
[Result "1-0"]
[WhiteElo "1076"]
[BlackElo "896"]
[PlyCount "51"]
[EventDate "2001.??.??"]
[EventType "tourn (corr)"]
[EventRounds "6"]
[SourceTitle "Corr 2008"]
[Source "ChessBase"]
[SourceDate "2008.06.24"]
[SourceVersion "1"]
[SourceVersionDate "2008.06.24"]
[SourceQuality "1"]

1. e4 d5 2. exd5 Qxd5 3. Nc3 Qa5 4. d4 Nf6 5. Bc4 Bg4 6. f3 Bf5 7. Nge2 c6 8. Ng3 Bg6 9. 0-0 e6 10. Nce4 Nxe4 11. Nxe4 Be7 12. Bf4 Nd7 13. Nd6+ Kf8 14. c3 b5 15. Bd3 Bxd3 16. Qxd3 c5 17. Nxb5 Rc8 18. Nd6 Bxd6 19. Bxd6+ Ke8 20. dxc5 Nxc5 21. Qd4 f6 22. b4 Qa6 23. Bxc5 Rd8 24. Qf4 Rc8 25. Rfd1 Rd8 26. Qc7 1-0

[Event "IECC KO email"]
[Site "IECC email"]
[Date "2001.05.13"]
[Round "?"]
[White "Venturas, Bob"]
[Black "Wojohn, Gregory A"]
[Result "0-1"]
[WhiteElo "1170"]
[BlackElo "1084"]
[PlyCount "82"]
[EventDate "2001.??.??"]
[EventType "tourn (corr)"]
[EventRounds "6"]
[SourceTitle "Corr 2008"]
[Source "ChessBase"]
[SourceDate "2008.06.24"]
[SourceVersion "1"]
[SourceVersionDate "2008.06.24"]
[SourceQuality "1"]

1. d4 d5 2. Nc3 Bf5 3. Bf4 c6 4. h3 Na6 5. a3 Nc7 6. Nf3 e6 7. e3 Bd6 8. Bxd6 Qxd6 9. Bd3 Ne7 10. Ne5 f6 11. Bxf5 fxe5 12. Bg4 c5 13. Be2 cxd4 14. exd4 Qb6 15. b4 exd4 16. Na4 Qc6 17. Nc5 e5 18. Bg4 0-0 19. Be2 a5 20. 0-0 axb4 21. Nb3 bxa3 22. Qc1 Qd6 23. c4 Kh8 24. c5 Qh6 25. Qxh6 gxh6 26. Bg4 Nb5 27. Rfc1 Nc6 28. Be2 Nc3 29. Re1 Kg7 30. Bg4 d3 31. Nd2 a2 32. Bd7 Nd4 33. Rxe5 Nc2 34. Nb3 Nxa1 35. Nxa1 Rf4 36. Re1 d2 37. Rf1 Re4 38. Bg4 Re1 39. f4 Rae8 40. f5 Rxf1+ 41. Kxf1 Re1+ 0-1

[Event "IECC CL8-2001.11"]
[Site "IECC email"]
[Date "2001.05.11"]
[Round "?"]
[White "Wojohn, Gregory A"]
[Black "Mitchell, TT."]
[Result "1-0"]
[WhiteElo "1199"]
[BlackElo "920"]
[PlyCount "79"]
[EventDate "2001.??.??"]
[EventType "tourn (corr)"]
[EventRounds "4"]
[SourceTitle "Corr 2008"]
[Source "ChessBase"]
[SourceDate "2008.06.24"]
[SourceVersion "1"]
[SourceVersionDate "2008.06.24"]
[SourceQuality "1"]

1. e4 e5 2. Nf3 f6 3. Bc4 c6 4. Nxe5 Qe7 5. Nf7 Qxe4+ 6. Qe2 Qxe2+ 7. Kxe2 d5 8. Bxd5 cxd5 9. Nxh8 Nh6 10. Nc3 d4 11. Nb5 Na6 12. Nxd4 Nf7 13. Nxf7 Kxf7 14. d3 Bd7 15. Be3 Bc5 16. c3 Re8 17. Kd2 Kg8 18. Nb3 Bxe3+ 19. fxe3 b6 20. Nd4 Nc7 21. Rhf1 Re5 22. Rad1 Bg4 23. Nf3 Ra5 24. a3 Ne6 25. h3 Bh5 26. g4 Be8 27. Nd4 Ba4 28. Nxe6 Bxd1 29. Rxd1 Kf7 30. Nd8+ Ke8 31. Nc6 Rc5 32. Nxa7 g5 33. d4 Ra5 34. Nc8 Ra6 35. Nd6+ Ke7 36. Nf5+ Ke6 37. Kd3 Ra5 38. c4 Ra7 39. c5 bxc5 40. dxc5 1-0